01089nam a2200253 i 4500001000700000003000900007005001700016007000300033008004100036080002800077100005500105245017200160260007900332300002100411500001700432530003500449600003200484710004600516852002800562856007600590942000800666999001900674952014200693103021ES-MaACL20251122063118.0t|051227s1916 sp |||| |dspa d a929 Blanco de Paz, Juan1 aRodríguez Marín, Francisco, d1855-194399863413aEl doctor Juan Blanco de Paz : bconferencia leída en la Asociación de la Prensa de Madrid la noche del 1º de abril de 1916 / cpor Francisco Rodríguez Marín. aMadrid : b[s.n.], c1916 (fTip. de la "Revista de Arch. Bibl. y Museos") a49 p. ; c23 cm. aApéndices. aDisponible en formato digital.14aBlanco de Paz, Juan.9292412 aAsociación de la Prensa de Madrid91608 aES-MaACLjG-13288cSPP34 uhttps://archive.org/details/eldoctorjuanblan00rodr y(Internet Archive) 2udc c103021d103021 001040708Colección_digitalaATENEOMbATENEOMcSPP3d2008-01-17eSCl0oG-13288p1107572r2023-02-23 00:00:00w2023-02-23yMONOGRAFIA